Online
Catalog

Cartas de Álvaro Mutis a Elena Poniatowska / : (Record no. 18688)

MARC details
000 -CABECERA
campo de control de longitud fija 00638nam a2200193 a 4500
001 - NÚMERO DE CONTROL
campo de control 000019170
005 - FECHA Y HORA DE LA ÚLTIMA TRANSACCIÓN
campo de control 20200929165934.0
008 - DATOS DE LONGITUD FIJA--INFORMACIÓN GENERAL
campo de control de longitud fija 100527s1998 mx ah 000 0 spa d
020 ## - NÚMERO INTERNACIONAL ESTÁNDAR DEL LIBRO
Número Internacional Estándar del Libro 9681904516
040 ## - FUENTE DE LA CATALOGACIÓN
Centro catalogador/agencia de origen DO-SdBNP
Lengua de catalogación spa
Centro/agencia transcriptor BNPHU
082 ## - NÚMERO DE LA CLASIFICACIÓN DECIMAL DEWEY
Número de clasificación Co866.6
Número de documento/Ítem P797c
100 1# - ENTRADA PRINCIPAL--NOMBRE DE PERSONA
Nombre de persona Poniatowska, Elena,
Fechas asociadas al nombre 1932-
9 (RLIN) 41268
245 10 - MENCIÓN DE TÍTULO
Título Cartas de Álvaro Mutis a Elena Poniatowska / :
Resto del título Elena Poniatowska.
260 ## - PUBLICACIÓN, DISTRIBUCIÓN, ETC.
Lugar de publicación, distribución, etc. México :
Nombre del editor, distribuidor, etc. Alfaguara.
300 ## - DESCRIPCIÓN FÍSICA
Extensión 163 p. :
Otras características físicas il., fasc. ;
Dimensiones 22 cm.
650 #4 - PUNTO DE ACCESO ADICIONAL DE MATERIA--TÉRMINO DE MATERIA
Término de materia o nombre geográfico como elemento de entrada Cartas colombianas
9 (RLIN) 41269
650 #4 - PUNTO DE ACCESO ADICIONAL DE MATERIA--TÉRMINO DE MATERIA
Término de materia o nombre geográfico como elemento de entrada Literatura colombiana
9 (RLIN) 1244
600 14 - PUNTO DE ACCESO ADICIONAL DE MATERIA--NOMBRE DE PERSONA
Nombre de persona MUTIS, ÁLVARO,
Fechas asociadas al nombre 1923-
Subdivisión general CORRESPONDENCIA, MEMORIAS, ETC.
9 (RLIN) 41270
Holdings
Estado de retiro Estado de pérdida Restricciones de uso No para préstamo Código de colección Localización permanente Ubicación/localización actual Ubicación en estantería Fecha de adquisición Número de inventario Total de préstamos Signatura topográfica completa Código de barras Fecha visto por última vez Precio válido a partir de Tipo de ítem Koha Número de copia
      Excluido de préstamo Monografías: Libros y Folletos General General Depósito 27.05.2010 LF1   Co866.6 P797c 19170-10 25.06.2020 25.06.2020 No se presta  
  Extraviado   Excluido de préstamo Monografías: Libros y Folletos General General Extraviado 31.03.2017 LF1   Co866.6 P797c 19170-20 25.06.2020 25.06.2020 No se presta e. 2

Powered by Koha